| 000 | 00374nam a2200145Ia 4500 | ||
|---|---|---|---|
| 008 | 220216s9999 xx 000 0 und d | ||
| 100 | _aRuhlman H | ||
| 245 | 0 | _aPneumatic tyres on the Paris underground railway | |
| 260 |
_bRubber Developments _c1951 |
||
| 300 | _a114-117 | ||
| 650 | _aParis | ||
| 650 | _aPneumatic tyres | ||
| 650 | _aUnderground railway | ||
| 942 | _cJS | ||
| 999 |
_c65203 _d65203 |
||